Statistics for Haute Couture Brands

Click here to take the quiz!

General Stats

  • This quiz has been taken 17 times
  • The average score is 8 of 18

Answer Stats

# Haute Couture Brand % Correct
4Chanel
100%
5Christian Dior
87%
14Saint Laurent
67%
9Givenchy
67%
17Valentino
67%
10Jean Paul Gaultier
60%
12Louis Vuitton
60%
8Giorgio Armani
47%
3Balmain
40%
13Maison Margiela
40%
6Elie Saab
33%
11Lanvin
33%
7Giambattista Valli
27%
18Viktor & Rolf
20%
2Alexis Mabille
13%
15Schiaparelli
7%
16St├ęphane Rolland
7%
1Alexandre Vauthier
7%

Score Distribution

Percentile by Number Answered

Percent of People with Each Score

Your Score History

You have not taken this quiz